Statistics for Video Games By Letter - B

Click here to take the quiz!

General Stats

  • This quiz has been taken 30 times
  • The average score is 11 of 22

Answer Stats

HintAnswer% Correct
Crash is this Kind of AnimalBandicoot
92%
Slippery Item from Mario Kart SeriesBanana Peel
85%
Donkey Kong's Original Weapon of ChoiceBarrels
81%
AKA King KoopaBowser
77%
Kazooie's BFFBanjo
73%
One of the Original Pokémon GamesBlue
73%
FPS in Underwater City of RaptureBioShock
69%
Call of Duty Rival FPSBattlefield
65%
Link's Throwing WeaponBoomerang
62%
Wind-up Exploding Mario EnemyBob-omb
54%
Giant Drill Wielding Foe from ^Big Daddy
50%
World of Warcraft DeveloperBlizzard Entertainment
50%
Developers of Destiny and HaloBungie
50%
Mass Effect DeveloperBioWare
38%
Warrior Amphibians Zitz, Rash, and PimpleBattletoads
35%
Classic Platformer with Bubbles and DragonsBubble Bobble
35%
Forgotten Realms Fantasy SeriesBaldur's Gate
23%
Boxer Character from Street Fighter IIBalrog
23%
Metal Gear Main AntagonistBig Boss
23%
Arcade Deer Hunting GameBig Buck Hunter
19%
Be a Good or Evil God in this GameBlack & White
15%
Vampire Game and Terrible MovieBloodRayne
15%

Score Distribution

Percentile by Number Answered

Percent of People with Each Score

Your Score History

You have not taken this quiz